[Event "AUTO-OPEN-498"]
[Site "http://www.queenalice.com/game.php?id=147397"]
[Date "2006.12.28"]
[Round "1"]
[White "eliu3472000"]
[Black "Carlos_Naves"]
[Result "0-1"]
[WhiteElo "1722"]
[BlackElo "1971"]

1. Nf3 Nf6 2. c4 e6 3. d4 Bb4+ 4. Bd2 Qe7 5. Nc3 d6 6. Qa4+ Nc6 7. d5 exd5 8.
cxd5 Bxc3 9. Bxc3 Nxd5 10. Bxg7 Rg8 11. Bh6 Qf6 12. Bg5 Qxb2 13. Qe4+ Be6 14.
Rb1 Qc3+ 15. Bd2 Qc5 16. Rxb7 O-O-O 17. Rb1 Rde8 18. e3 Nc3 19. Bxc3 Qxc3+ 20.
Nd2 Rg4 21. Ba6+ Kd7 22. Qd3 Qxd3 23. Bxd3 Rxg2 24. Bxh7 Rh8 25. Be4 Rgxh2 26.
Rxh2 Rxh2 27. Rb7 Bxa2 28. Bxc6+ Kxc6 29. Rxa7 Be6 30. Nf3 Rh1+ 31. Kd2 Rf1 32.
Nd4+ Kd7 33. Nxe6 fxe6 34. Ke2 Rb1 35. Ra2 c5 36. e4 d5 37. Rc2 Kd6 38. exd5
exd5 39. f3 d4 40. f4 Kd5 41. Kf3 c4 42. Ra2 c3 43. f5 d3 44. Ke3 c2 0-1

[Event "AUTO-OPEN-498"]
[Site "http://www.queenalice.com/game.php?id=147398"]
[Date "2006.12.28"]
[Round "1"]
[White "Carlos_Naves"]
[Black "eliu3472000"]
[Result "1-0"]
[WhiteElo "1898"]
[BlackElo "1714"]

1. e4 Nf6 2. Nc3 e6 3. d4 d5 4. Bg5 Be7 5. e5 Nfd7 6. Bxe7 Qxe7 7. f4 c5 8. Nf3
Nc6 9. Qd2 O-O 10. O-O-O a6 11. dxc5 Nxc5 12. Bd3 b5 13. Kb1 b4 14. Ne2 Nxd3 15.
cxd3 a5 16. Nfd4 Bb7 17. Rc1 Rfc8 18. Nb5 Ba6 19. Nd6 Rc7 20. Rc5 Qd7 21. Rhc1
a4 22. Nd4 Nxd4 23. Rxc7 Qd8 24. Rxf7 Qb6 25. Rcc7 Nf5 26. Nxf5 exf5 27. Rxg7+
Kf8 28. Rcf7+ Ke8 29. Re7+ Kd8 30. Rd7+ Ke8 31. Qd1 Qh6 32. Rxh7 Qg6 33. Rdg7
Qe6 34. Rh8+ Qg8 35. Rhxg8# 1-0

[Event "AUTO-OPEN-498"]
[Site "http://www.queenalice.com/game.php?id=147399"]
[Date "2006.12.28"]
[Round "1"]
[White "eliu3472000"]
[Black "kaikovisk"]
[Result "1/2-1/2"]
[WhiteElo "1746"]
[BlackElo "2045"]

1. Nf3 Nc6 2. d4 d5 3. c4 e6 4. Nc3 Nce7 5. e3 c6 6. Bd3 Nf6 7. O-O Ng6 8. Bd2
Be7 9. Re1 O-O 10. c5 Bd7 11. b4 Qc7 12. a4 b6 13. Qc2 Rfc8 14. h3 Qb7 15. g4
Qc7 16. Nh2 e5 17. Bxg6 hxg6 18. f4 e4 19. Ne2 Nh7 20. Nc3 f5 21. Qd1 Nf6 22.
Kh1 Rf8 23. Rg1 Kf7 24. g5 Ne8 25. Be1 Rh8 26. h4 Qb8 27. Bg3 Nc7 28. Rb1 Qc8
29. Rg2 Ne6 30. Rc2 Qe8 31. Kg1 Rb8 32. Qe2 Bc8 33. cxb6 axb6 34. Rcb2 Qd7 35.
Qd1 Bb7 36. a5 b5 37. Qb3 Ba6 38. Nf1 Bd6 39. Ne2 Rbc8 40. Rc2 Rc7 41. Rbc1 Rhc8
42. Nd2 Rh8 43. Qb2 Rhc8 44. Nb1 Rh8 45. Nbc3 Rhc8 46. Na2 Rh8 1/2-1/2

[Event "AUTO-OPEN-498"]
[Site "http://www.queenalice.com/game.php?id=147400"]
[Date "2006.12.28"]
[Round "1"]
[White "kaikovisk"]
[Black "eliu3472000"]
[Result "1-0"]
[WhiteElo "1965"]
[BlackElo "1709"]

1. e4 c5 2. Nf3 e6 3. Nc3 d5 4. exd5 exd5 5. d4 Nf6 6. Be3 c4 7. Be2 Bb4 8. O-O
O-O 9. Bd2 Nc6 10. a3 Ba5 11. Na2 Bc7 12. c3 Qd6 13. Re1 Bg4 14. g3 Qd7 15. Bf1
Qf5 16. Bg2 Qh5 17. Re3 Rae8 18. Nb4 Na5 19. Nc2 Nb3 20. Rb1 Nxd2 21. Qxd2 Rxe3
22. Qxe3 Re8 23. Ne5 Bxe5 24. dxe5 Rxe5 25. Qxa7 Qf5 26. Rc1 Re2 27. Bf1 Re8 28.
Ne3 Qh5 29. Qd4 h6 30. Bg2 Bf3 31. a4 Bxg2 32. Kxg2 Qe5 33. Qxe5 Rxe5 34. h3 Re6
35. Rd1 Rb6 36. Nxd5 Rd6 37. Ne7+ 1-0

[Event "AUTO-OPEN-498"]
[Site "http://www.queenalice.com/game.php?id=147401"]
[Date "2006.12.28"]
[Round "1"]
[White "eliu3472000"]
[Black "WannaBe"]
[Result "1-0"]
[WhiteElo "1500"]
[BlackElo "959"]

1. Nf3 d5 2. e3 c5 3. d4 Nf6 4. c4 e6 5. Nc3 Nc6 6. cxd5 exd5 7. Be2 cxd4 8.
Nxd4 Bd6 9. O-O O-O 10. a3 Nxd4 11. Qxd4 Be6 12. b4 b6 13. Bb2 Qe7 14. Bf3 Qb7
15. e4 dxe4 16. Nxe4 Nxe4 17. Qxg7# 1-0

[Event "Challenge"]
[Site "http://www.queenalice.com/game.php?id=162166"]
[Date "2007.2.1"]
[Round "-"]
[White "eliu3472000"]
[Black "Jonny_Fake"]
[Result "1-0"]
[WhiteElo "1730"]
[BlackElo "1653"]

1. Nc3 e5 2. d3 d5 3. e4 d4 4. Nce2 Bg4 5. f4 Nd7 6. Nf3 Bd6 7. f5 Qe7 8. Bg5 f6
9. Bd2 O-O-O 10. c3 Nb6 11. cxd4 exd4 12. Nexd4 Bb4 13. Nc2 Bc5 14. b4 Bd6 15.
Be2 g6 16. Nfd4 Bxe2 17. Qxe2 Qe5 18. Bc3 Qe7 19. O-O Qe5 20. g3 Nh6 21. Qd2 Nf7
22. Ne6 Qb5 23. Nxd8 Nxd8 24. Ne3 Nc6 25. a3 Na4 26. Bxf6 Rg8 27. fxg6 Rxg6 28.
Bh4 Nd4 29. Nc4 Bf8 30. Rxf8+ 1-0

[Event "AUTO-OPEN-539"]
[Site "http://www.queenalice.com/game.php?id=162190"]
[Date "2007.2.1"]
[Round "1"]
[White "AugustusGenarov"]
[Black "eliu3472000"]
[Result "0-1"]
[WhiteElo "1766"]
[BlackElo "1760"]

1. e4 Nf6 2. e5 Nd5 3. c4 Nb6 4. c5 Nd5 5. Nc3 e6 6. Bc4 Nxc3 7. bxc3 Bxc5 8. d4
Be7 9. Qg4 Rg8 10. h4 d5 11. Bd3 g6 12. Nf3 h5 13. Qg3 c5 14. Bg5 c4 15. Bc2 Nc6
16. Rb1 Qa5 17. Kd2 b5 18. Ra1 b4 19. Bxe7 bxc3+ 20. Ke2 Nxe7 21. Ng5 Nf5 22.
Bxf5 exf5 23. Rhc1 Rb8 24. Nh7 Rb2+ 25. Kf1 Rg7 26. Nf6+ Kf8 27. Qxc3 Qxc3 28.
Rxc3 Be6 29. Nxd5 Bxd5 0-1

[Event "AUTO-OPEN-539"]
[Site "http://www.queenalice.com/game.php?id=162191"]
[Date "2007.2.1"]
[Round "1"]
[White "eliu3472000"]
[Black "AugustusGenarov"]
[Result "1-0"]
[WhiteElo "1779"]
[BlackElo "1757"]

1. Nf3 Nf6 2. c4 e6 3. d4 b6 4. Nc3 Bb7 5. e3 c5 6. d5 exd5 7. cxd5 d6 8. Bd3
Be7 9. e4 Nbd7 10. O-O O-O 11. b3 Ne5 12. Nxe5 dxe5 13. f4 Bd6 14. f5 Qc8 15.
Bg5 Nd7 16. Qg4 f6 17. Nb5 fxg5 18. Nxd6 Qc7 19. Nxb7 Qxb7 20. Qxg5 Nf6 21. Rf3
h6 22. Qe3 Nh5 23. Raf1 Qe7 24. Bc4 Kh8 25. Qc3 Qg5 26. d6 Rad8 27. Qxe5 Rf6 28.
Be6 Qd2 29. d7 Qxa2 30. g4 Rxe6 31. fxe6 1-0

[Event "AUTO-OPEN-539"]
[Site "http://www.queenalice.com/game.php?id=162212"]
[Date "2007.2.1"]
[Round "1"]
[White "Jhones"]
[Black "eliu3472000"]
[Result "1-0"]
[WhiteElo "1570"]
[BlackElo "1795"]

1. e4 Nf6 2. e5 Nd5 3. d4 d6 4. Bc4 Nb6 5. Qf3 d5 6. Bd3 e6 7. Nh3 Be7 8. Qg4 g6
9. Qf4 Nc6 10. O-O Nd7 11. Nd2 Nb4 12. Nf3 Nxd3 13. cxd3 f6 14. Qe3 c5 15. Nf4
cxd4 16. Qd2 Bc5 17. Re1 Nb6 18. b4 Be7 19. exf6 Bxf6 20. Nxe6 Bxe6 21. Rxe6+
Kf7 22. Qe1 Qc7 23. Bg5 Bxg5 24. Nxg5+ Kf8 25. Qe2 h6 26. Qf3+ Kg7 27. Qf6+ Kg8
28. Re7 Qxe7 29. Qxe7 Rf8 30. Ne6 Rf7 31. Qe8+ Kh7 32. Qxf7# 1-0

[Event "AUTO-OPEN-539"]
[Site "http://www.queenalice.com/game.php?id=162213"]
[Date "2007.2.1"]
[Round "1"]
[White "eliu3472000"]
[Black "Jhones"]
[Result "1-0"]
[WhiteElo "1778"]
[BlackElo "1628"]

1. Nf3 d6 2. d4 Nf6 3. c4 d5 4. Nc3 c6 5. Bf4 e6 6. Bxb8 Rxb8 7. e3 dxc4 8. Bxc4
Bd6 9. e4 Bb4 10. e5 Ne4 11. Qc2 Ng5 12. Nxg5 Qxd4 13. Be2 Qxe5 14. Nf3 Qd6 15.
O-O Qf4 16. a3 Bd6 17. Rad1 O-O 18. g3 Qf5 19. Qxf5 exf5 20. Rxd6 a6 21. Rfd1
Be6 22. Nd4 Rbe8 23. Nxe6 fxe6 24. Bc4 Rf6 25. Ne2 g5 26. f4 h6 27. Rd8 Kf8 28.
Rxe8+ Kxe8 29. Re1 c5 30. Nc3 Kd7 31. Na4 Kc6 32. Rxe6+ Rxe6 33. Bxe6 b5 34. Nc3
c4 35. Bxf5 a5 36. Be4+ Kc5 37. f5 b4 38. axb4+ axb4 39. Ne2 Kb5 40. f6 Ka4 41.
Bc2+ Kb5 42. f7 b3 43. Bb1 Ka4 44. f8=Q 1-0

[Event "AUTO-OPEN-539"]
[Site "http://www.queenalice.com/game.php?id=162224"]
[Date "2007.2.1"]
[Round "1"]
[White "MarcosT"]
[Black "eliu3472000"]
[Result "0-1"]
[WhiteElo "1685"]
[BlackElo "1710"]

1. e4 c5 2. Bc4 e6 3. Nf3 d5 4. exd5 exd5 5. Qe2+ Be7 6. Bb5+ Nc6 7. Ne5 Bd7 8.
Nxd7 Qxd7 9. Nc3 Nf6 10. d3 O-O 11. Bg5 Rfe8 12. O-O Qc7 13. Rae1 Bd6 14. Nxd5
Rxe2 15. Nxc7 Rxe1 16. Rxe1 Bxc7 17. Bxf6 gxf6 18. Bxc6 bxc6 19. Re7 Be5 20. c3
Kf8 21. Rb7 Ke8 22. Kf1 Rd8 23. Ke2 Rd7 24. Rb3 h5 25. a4 h4 26. h3 f5 27. c4 f6
28. Kf3 Rg7 29. a5 Kd8 30. a6 Kc8 31. d4 Bxd4 32. Kf4 Rxg2 33. Kxf5 Rxf2+ 34.
Ke6 Rxb2 35. Rf3 Rb6 36. Kd6 Rxa6 37. Rf5 Be5+ 38. Ke6 Ra4 39. Rh5 Rxc4 40. Rh8+
Kb7 41. Rh7+ Kb6 42. Rh8 Rd4 43. Rh7 c4 44. Rg7 c3 45. Rg1 c2 0-1

[Event "AUTO-OPEN-539"]
[Site "http://www.queenalice.com/game.php?id=162225"]
[Date "2007.2.1"]
[Round "1"]
[White "eliu3472000"]
[Black "MarcosT"]
[Result "1-0"]
[WhiteElo "1686"]
[BlackElo "1684"]

1. Nf3 e6 2. c4 Nf6 3. Nc3 Bb4 4. d4 d5 5. Bg5 Nbd7 6. e3 h6 7. Bxf6 Qxf6 8. Be2
b6 9. O-O Bb7 10. Qa4 Bxc3 11. bxc3 O-O 12. Qxd7 Rfd8 13. Qxc7 Rab8 14. Qe5 Qg6
15. Nh4 Qc2 16. Bf3 Qxc3 17. Rfc1 Qa5 18. Bh5 dxc4 19. Rxc4 Bd5 20. Rc7 Rb7 21.
Bxf7+ Kf8 22. Ng6# 1-0

[Event "AUTO-ADV-388"]
[Site "http://www.queenalice.com/game.php?id=162309"]
[Date "2007.2.1"]
[Round "1"]
[White "Be0wulf"]
[Black "eliu3472000"]
[Result "1-0"]
[WhiteElo "1665"]
[BlackElo "1814"]

1. Nf3 Nf6 2. d4 e6 3. c3 c5 4. g3 Nc6 5. Nbd2 d5 6. Bg2 b6 7. O-O Bd6 8. Re1
O-O 9. e4 dxe4 10. Nxe4 Bb7 11. Bg5 Be7 12. dxc5 Nxe4 13. Bxe7 Nxe7 14. cxb6
Qxb6 15. Qc2 Nf6 16. b3 Bxf3 17. Bxf3 Rad8 18. c4 Nc6 19. Bg2 Nb4 20. Qe2 Qc5
21. h3 Rd6 22. a3 Nd3 23. Rf1 Rfd8 24. Qc2 Ne5 25. Rfd1 g6 26. g4 Nd3 27. b4 Qe5
28. c5 Rd4 29. c6 Nxf2 30. Kxf2 1-0

[Event "AUTO-ADV-388"]
[Site "http://www.queenalice.com/game.php?id=162310"]
[Date "2007.2.1"]
[Round "1"]
[White "eliu3472000"]
[Black "Be0wulf"]
[Result "0-1"]
[WhiteElo "1792"]
[BlackElo "1687"]

1. Nf3 d5 2. d4 Nf6 3. c4 e6 4. Nc3 Bb4 5. e3 O-O 6. Bd3 dxc4 7. Bxc4 c5 8. O-O
Nbd7 9. Ne2 a6 10. a3 Ba5 11. dxc5 b5 12. cxb6 Nxb6 13. Ba2 Nbd5 14. Bxd5 exd5
15. b4 Bb6 16. Bb2 Bg4 17. Ned4 Ne4 18. Qd3 Bxf3 19. Nxf3 Qd6 20. Rad1 Rfd8 21.
Nd4 Bxd4 22. Bxd4 Rd7 23. f3 Ng5 24. Bc5 Qe6 25. e4 Rad8 26. Qe3 h6 27. e5 Qf5
28. Bd6 Qe6 29. Rd3 Re8 0-1

[Event "AUTO-ADV-388"]
[Site "http://www.queenalice.com/game.php?id=162333"]
[Date "2007.2.1"]
[Round "1"]
[White "eliu3472000"]
[Black "goodgambit"]
[Result "1-0"]
[WhiteElo "1769"]
[BlackElo "1594"]

1. Nf3 d5 2. d4 Nf6 3. c4 dxc4 4. Nc3 Bf5 5. e3 Nc6 6. Bxc4 Nb4 7. Qa4+ Nc6 8.
d5 Bd7 9. dxc6 Bxc6 10. Bb5 Qd7 11. O-O e6 12. Rd1 Nd5 13. Nxd5 exd5 14. Bxc6
Qxc6 15. Qxc6+ bxc6 16. b3 Bd6 17. Bb2 O-O 18. Be5 Rae8 19. Bxd6 cxd6 20. Rac1
Rc8 21. Nd4 1-0

[Event "AUTO-ADV-388"]
[Site "http://www.queenalice.com/game.php?id=162334"]
[Date "2007.2.1"]
[Round "1"]
[White "goodgambit"]
[Black "eliu3472000"]
[Result "0-1"]
[WhiteElo "1528"]
[BlackElo "1809"]

1. e4 Nf6 2. Nc3 e6 3. d4 d5 4. Bg5 Be7 5. e5 Nfd7 6. Bxe7 Qxe7 7. Nf3 c5 8. Nb5
Qd8 9. Nd6+ Kf8 10. c3 Nc6 11. Qd2 f6 12. Qf4 Kg8 13. Ng5 Qe7 14. Ngf7 fxe5 15.
dxe5 h6 16. Nxh8 Kxh8 17. O-O-O Ndxe5 18. Nxc8 Rxc8 19. Bb5 Ng6 20. Qg4 Nce5 21.
Qh5 a6 22. Bd3 Nxd3+ 23. Kb1 Nxf2 24. Rdf1 Nf4 25. Qf3 Nxh1 26. Qxf4 e5 27. Qg4
Rf8 28. Rxh1 e4 29. Re1 b5 0-1